ბათუმის შოთა რუსთაველის სახელმწიფო უნივერსიტეტის ბიბლიოთეკა

Мировая художественная культура : (ბიბ.ჩანაწერი № 60989)

000 -LEADER
fixed length control field 00746nam a22001937a 4500
005 - DATE AND TIME OF LATEST TRANSACTION
control field 20231204161523.0
008 - FIXED-LENGTH DATA ELEMENTS--GENERAL INFORMATION
fixed length control field 231204s1999 ru ||||| |||| 00| 0 rus d
020 ## - INTERNATIONAL STANDARD BOOK NUMBER
International Standard Book Number 5769502622
041 ## - LANGUAGE CODE
Language code of text/sound track or separate title rus
080 ## - UNIVERSAL DECIMAL CLASSIFICATION NUMBER
Universal Decimal Classification number 008(100)(075.32) E-60
100 ## - MAIN ENTRY--PERSONAL NAME
Personal name Емохонова, Л.Г.
9 (RLIN) 20569
245 ## - TITLE STATEMENT
Title Мировая художественная культура :
Remainder of title Учебное пособие для студ. /
Statement of responsibility, etc. Л.Г. Емохонова.
264 ## - PRODUCTION, PUBLICATION, DISTRIBUTION, MANUFACTURE, AND COPYRIGHT NOTICE
Place of production, publication, distribution, manufacture М.:
Name of producer, publisher, distributor, manufacturer Академия,
Date of production, publication, distribution, manufacture, or copyright notice 1999.
300 ## - PHYSICAL DESCRIPTION
Extent 448 с.:
Other physical details ил.;
Dimensions 24 см.
440 ## - SERIES STATEMENT/ADDED ENTRY--TITLE
Title Педагогическое образование
9 (RLIN) 20570
653 ## - INDEX TERM--UNCONTROLLED
keyword მსოფლიო ხელოვნება
653 ## - INDEX TERM--UNCONTROLLED
keyword მსოფლიო კულტურა
942 ## - ADDED ENTRY ELEMENTS (KOHA)
Source of classification or shelving scheme
Koha item type წიგნი
ეგზემპლარები
Withdrawn status Lost status Source of classification or shelving scheme Damaged status Not for loan Permanent Location Current Location Shelving location Date acquired Cost, normal purchase price Full call number Barcode Date last seen Copy number Uniform Resource Identifier Price effective from Koha item type Public note
          ბათუმის შოთა რუსთაველის სახელმწიფო უნივერსიტეტის მთავარი ბიბლიოთეკა ბათუმის შოთა რუსთაველის სახელმწიფო უნივერსიტეტის მთავარი ბიბლიოთეკა წიგნსაცავი 2023-12-04 10.00 008(100)(075.32) E-60 65514 2023-12-04 65514 ბსუ-ს საპატიო დოქტორის გურამ ლორთქიფანიძის საჩუქარი 2023-12-04 წიგნი 10 ლ.